German cities with over 100k population - Statistics

General Stats
  • This quiz has been taken 57 times
  • The average score is 62 of 80
Answers on the Map
Answers color-coded by a green-red scale on the quiz's map according to % correct below.
 
Answer Stats
Bevölkerung Großstadt % Correct
3.677.472 Berlin
98%
1.853.935 Hamburg
98%
1.073.096 Köln
98%
563.290 Bremen
95%
555.351 Dresden
95%
579.432 Essen
95%
586.852 Dortmund
93%
759.224 Frankfurt
93%
246.243 Kiel
93%
217.556 Mainz
93%
1.487.708 München
93%
510.632 Nürnberg
93%
626.275 Stuttgart
93%
535.932 Hannover
90%
236.188 Magdeburg
90%
183.154 Potsdam
90%
179.634 Saarbrücken
90%
249.070 Aachen
88%
363.441 Bochum
88%
619.477 Düsseldorf
88%
213.227 Erfurt
88%
601.866 Leipzig
88%
311.831 Mannheim
88%
331.885 Bonn
85%
159.631 Darmstadt
85%
231.848 Freiburg
85%
216.277 Lübeck
85%
153.542 Regensburg
85%
208.400 Rostock
85%
278.950 Wiesbaden
85%
296.478 Augsburg
83%
334.002 Bielefeld
83%
113.173 Bremerhaven
83%
306.502 Karlsruhe
83%
170.389 Oldenburg
83%
126.949 Ulm
83%
123.949 Wolfsburg
83%
248.823 Braunschweig
80%
243.105 Chemnitz
80%
238.061 Halle
80%
110.502 Jena
80%
200.406 Kassel
80%
317.713 Münster
80%
170.389 Osnabrück
80%
260.126 Gelsenkirchen
78%
159.245 Heidelberg
78%
163.851 Leverkusen
78%
152.531 Paderborn
78%
495.152 Duisburg
76%
113.292 Erlangen
76%
129.122 Fürth
76%
138.016 Ingolstadt
76%
275.055 Mönchengladbach
76%
126.933 Würzburg
76%
116.557 Göttingen
73%
100.319 Hildesheim
73%
113.638 Koblenz
73%
110.570 Trier
73%
188.713 Hagen
71%
179.238 Hamm
71%
172.145 Ludwigshafen
71%
131.295 Offenbach
71%
354.572 Wuppertal
71%
111.645 Bergisch Gladbach
68%
208.752 Oberhausen
68%
101.516 Siegen
68%
227.050 Krefeld
66%
103.694 Salzgitter
61%
125.613 Heilbronn
59%
152.731 Neuss
59%
158.957 Solingen
59%
156.621 Herne
56%
117.311 Bottrop
54%
103.725 Moers
54%
170.739 Mülheim
54%
110.714 Recklinghausen
54%
116.456 Reutlingen
54%
125.529 Pforzheim
51%
101.158 Gütersloh
49%
111.770 Remscheid
46%
No matching quizzes found
Score Distribution
Percent of People with Each Score
Percentile by Number Answered
Your Score History
You have not taken this quiz